El vértigo de un vicio
Guardat en:
| Autor principal: | |
|---|---|
| Format: | Llibre |
| Idioma: | espanyol |
| Publicat: |
Santiago
Imprenta Chilena, calle del Peumo, Núm 23
1870
|
| Edició: | 1a. ed |
| Matèries: | |
| Etiquetes: |
Afegir etiqueta
Sense etiquetes, Sigues el primer a etiquetar aquest registre!
|
MARC
| LEADER | 00000nam a2200000 a 4500 | ||
|---|---|---|---|
| 001 | UCJ3354 | ||
| 003 | CL-VaPUC | ||
| 008 | 070124e18700000CL |||||||||||||||||spa|d | ||
| 082 | 0 | 4 | |a Ch863 |b MUR |2 21 |
| 100 | |a Murillo, Valentín |e autor |9 611090 | ||
| 245 | 1 | 3 | |a El vértigo de un vicio |
| 246 | 1 | 0 | |a Trabajo premiado por el Círculo de Colaboradores de la Estrella de Chile en el Certamen del 15 de junio de 1870 |
| 250 | |a 1a. ed | ||
| 300 | |a 84 p | ||
| 942 | |c BK | ||
| 945 | |d 20070124 00:00:00 |a rinostro | ||
| 260 | |a Santiago |b Imprenta Chilena, calle del Peumo, Núm 23 |c 1870 | ||
| 500 | |a La copia 1 de esta novela se encuentra empastada junto a otras dos en un volumen rotulado Novelas Chilenas, Varios 1870-1908 y se ubica en CH 863 MUR; la copia 2 se encuentra separada, como folleto, en la Sección Folletos, de la estantería; en este caso Folletos CH 863 | ||
| 650 | 0 | |a Novela chilena |9 307631 | |
| 650 | 7 | |a CERTAMEN LITERARIO |2 CL-VaPUC |9 505132 | |
| 650 | 7 | |a FOLLETOS BUDGE |2 CL-VaPUC |9 505133 | |
| 583 | |a last modification |c 20070124 00:00:00 |k Rodrigo Vera | ||
| 999 | |c 319476 |d 319474 | ||
| 952 | |0 0 |1 0 |4 0 |6 CH_863_000000000000000_MUR_1870 |7 0 |8 X |9 397804 |a FDOBUD |b FDOBUD |d 2019-11-22 |i 1002732 |o Ch863 MUR 1870 |p 1002732 |r 2019-11-22 |w 2019-11-22 |y BK_X |k BUD | ||
| 952 | |0 0 |1 0 |4 0 |6 CH_863_000000000000000_MUR_1870 |7 0 |8 X |9 397805 |a FDOBUD |b FDOBUD |d 2019-11-22 |i 1068253 |o Ch863 MUR 1870 |p 1068253 |r 2019-11-22 |w 2019-11-22 |y BK_X |k BUD | ||